Získali ďaľších priaznivcov retrospektíva IV. bratislavských džezových dní

Bibliographic Details
Main Author: Bachleda, Stanislav, 1943- (Author)
Format: Article
Language:Slovak
Subjects:

MARC

LEADER 00000nab a2200000 a 4500
001 vtls000015659
003 SK-MaSNL
005 20260305021259.0
008 111103c1978 xo 0 slo
015 |a SNBRB19rr/mm-uuuuu 
035 |a CL0025753 
040 |a SNKBUCL  |b slo  |c SNKBUCL  |e AACR2 
041 0 |a slo 
044 |a xo  |c SK 
080 |a 78  |2 1981 
100 1 |a Bachleda, Stanislav,  |d 1943-  |4 aut  |9 243416 
245 1 0 |a Získali ďaľších priaznivcov  |b retrospektíva IV. bratislavských džezových dní  |c Stanislav Bachleda 
611 2 7 |a Bratislavské džezové dni  |n (4. :  |d 1978 :  |c Bratislava, Slovensko)  |2 snkbucl  |9 243482 
650 0 7 |a džez  |2 snkbucl  |9 3178 
650 0 7 |a hudobné festivaly  |2 snkbucl  |9 2958 
655 7 |a články z novín a časopisov  |2 snkbucl  |9 267496 
773 0 |t Smena  |g Roč. 31, č. 299 (19. 12. 1978), s. 6 
850 |a Slovenská národná knižnica v Martine  |a MTA001 
852 |a SNK  |b KIS3GCP 
958 |a RK 
992 |a RBX 
999 |c 3284921  |d 3286851